Foreign dollar loans in europe

में बचाया:
ग्रंथसूची विवरण
मुख्य लेखक: Einzig, Paul
स्वरूप: पुस्तक
भाषा:Undetermined
प्रकाशित: New York Mamillan 1965
विषय:
टैग : टैग जोड़ें
कोई टैग नहीं, इस रिकॉर्ड को टैग करने वाले पहले व्यक्ति बनें!
Thư viện lưu trữ: Trung tâm Học liệu Trường Đại học Cần Thơ
LEADER 00465nam a2200181Ia 4500
001 CTU_80307
008 210402s9999 xx 000 0 und d
082 |a 332.15 
082 |b E34 
100 |a Einzig, Paul 
245 0 |a Foreign dollar loans in europe 
245 0 |c Paul Einzig 
260 |a New York 
260 |b Mamillan 
260 |c 1965 
650 |a Foreign exchange 
904 |i Trọng Hải 
980 |a Trung tâm Học liệu Trường Đại học Cần Thơ